000 01417cam a2200361 a 4500
005 20160104075056.0
008 950908s1995 enkab b 001 0 eng d
015 _aGB95-74107
020 _a0946888310 (pbk)
020 _a1560985291 (Smithsonian)
040 _aUk
_cUk
_dWU
_dPPAN
_dINS
_dDLC
_dCOBoIAVH
041 _aeng
042 _alccopycat
043 _acl-----
082 0 0 _a333.95816
_bW41k
100 1 _aWege, David C.
_98323
245 1 0 _aKey areas for threatened birds in the neotropics /
_cDavid C. Wege and Adrian J. Long.
260 _aCambridge, U.K. :
_bBirdLife International ;
_aWashington, DC :
_bDistributed in the Americas by Smithsonian Institution,
_cc1995.
300 _a311 paginas. :
_bilustaciones., mapas ;
_c25 x17 cm.
504 _aIncludes bibliographical references and index.
650 0 _aRare birds
_xHabitat
_zLatin America.
_945487
650 0 _aBirds
_xConservation
_zLatin America.
_945488
650 0 _aEndangered species
_zLatin America.
_945489
650 6 _aAves
_zConservación
_vLatino América.
_945490
653 0 _aBirds
_aEndangered species
653 0 _aSouth America
653 0 _aCentral America
700 1 _aLong, Adrian J.
_98324
710 2 _aBirdLife International.
_945491
906 _a7
_bcbc
_ccopycat
_d2
_encip
_f19
_gy-gencatlg
942 _2ddc
_cLIBRO
999 _c186
_d186